00338 a2200121 4500020001800000050002100018100003400039245004000073264004900113300001200162500001900174650002300193 a9780987071323 aD 961.1 ENR 2011 aEnright , Christophereauthor aLegal method /cChristopher Enright aWarabrook, N.S.W. : bMaitland Press, c2011 a413p. : aincludes index a Law -- Australia.